Seventeen Songs - Sudden Death - Statistics

General Stats
  • This quiz has been taken 53 times
  • The average score is 12 of 17
Answers on the Grid
Answers color-coded by a green-red scale on the quiz's grid according to % correct below.
Adore U
Blind
BOOMBOOM
BOUNCY
CLAP
Deja Vu
Don't Wanna Cry
Fear
Fireworks
Guerrilla
HALAZIA
Home
HOME;RUN
HOT
INCEPTION
IT's You
Left & Right
MANSAE
MATZ
NOT OKAY
Oh My!
Pretty U
Ready to love
Rock with you
THANKS
This World
Turbulence
VERY NICE
WORK
_WORLD
 
Answer Stats
Answer % Correct
Adore U
85%
CLAP
79%
HOT
79%
Don't Wanna Cry
76%
Pretty U
76%
BOOMBOOM
71%
Home
71%
MANSAE
71%
VERY NICE
71%
Fear
68%
HOME;RUN
68%
Left & Right
68%
Rock with you
68%
Ready to love
65%
_WORLD
65%
Oh My!
62%
THANKS
62%
No matching quizzes found
Score Distribution
Percent of People with Each Score
Percentile by Number Answered
Your Score History
You have not taken this quiz